UM Logo

Professional studies for secondary teaching / (Record no. 23725)

MARC details
000 -LEADER
fixed length control field 00693nam a22001937a 4500
005 - DATE AND TIME OF LATEST TRANSACTION
control field 20250919160140.0
008 - FIXED-LENGTH DATA ELEMENTS--GENERAL INFORMATION
fixed length control field 250910b |||||||| |||| 00| 0 eng d
020 ## - INTERNATIONAL STANDARD BOOK NUMBER
International Standard Book Number 9781529610673
082 ## - DEWEY DECIMAL CLASSIFICATION NUMBER
Classification number DC 373.1102 P942 2023
245 ## - TITLE STATEMENT
Title Professional studies for secondary teaching /
Statement of responsibility, etc. edited by Ed Podesta and Leigh Hoath.
260 ## - PUBLICATION, DISTRIBUTION, ETC. (IMPRINT)
Place of publication, distribution, etc. London :
Name of publisher, distributor, etc. Sage,
Date of publication, distribution, etc. ©2023.
300 ## - PHYSICAL DESCRIPTION
Extent xiii, 266 pages :
Other physical details illustrations ;
Dimensions 24 cm.
500 ## - GENERAL NOTE
General note Includes references and index.
650 #0 - SUBJECT ADDED ENTRY--TOPICAL TERM
Topical term or geographic name as entry element High school teaching
Geographic subdivision England.
9 (RLIN) 67933
650 #0 - SUBJECT ADDED ENTRY--TOPICAL TERM
Topical term or geographic name as entry element High school teachers
General subdivision Training of
Geographic subdivision England.
9 (RLIN) 67934
700 ## - ADDED ENTRY--PERSONAL NAME
Personal name Podesta, Ed.
9 (RLIN) 67361
Relator term editor.
700 ## - ADDED ENTRY--PERSONAL NAME
Personal name Hoath, Leigh.
9 (RLIN) 67362
Relator term editor.
942 ## - ADDED ENTRY ELEMENTS (KOHA)
Source of classification or shelving scheme Dewey Decimal Classification
Koha item type Circulation
Holdings
Withdrawn status Lost status Source of classification or shelving scheme Damaged status Not for loan Collection code Home library Current library Date acquired Source of acquisition Cost, normal purchase price Total Checkouts Full call number Barcode Date last seen Price effective from Koha item type
    Dewey Decimal Classification     Circulation UM Digos College - LIC UM Digos College - LIC 08/11/2025 Purchased 5750.00   DC 373.1102 P942 2023 28750 09/10/2025 09/10/2025 Circulation